| 000 | 01292nmc a2200397 a 4500 | ||
|---|---|---|---|
| 003 | AR-BaBNM | ||
| 005 | 20251128211509.0 | ||
| 008 | 305020s2005 ||||||||||||||000 | spa|| | ||
| 020 | _a987-20570-8-7 | ||
| 040 | _cAR-BaBNM | ||
| 110 | 2 | _aGrupo Cruz del Sur XXI (Buenos Aires) | |
| 245 | 1 | 0 |
_aAprender desde el arte _buna experiencia transformadora |
| 250 | _a1ª ed. | ||
| 260 |
_aBuenos Aires _bPapers Editores _c2005 |
||
| 300 | 0 | _a176 p. | |
| 490 | 0 |
_aEducación _vv. 12 |
|
| 500 | 1 | _aEl Grupo Cruz del Sur XXI está conformado por la Fundación Acindar, la Fundación Bank Boston, la Fundación Bunge y Born y la Fundación Navarro Viola | |
| 610 | 2 | 4 | _aBoston Arts Academy |
| 650 | 4 | _aEDUCACION ARTISTICA | |
| 650 | 4 | _aMETODOS DE ENSENANZA | |
| 650 | 4 | _aCURRICULO INTEGRADO | |
| 650 | 4 | _aPROGRAMAS DE EDUCACION | |
| 651 | 4 | _aChaco | |
| 651 | 4 | _aSanta Fe [Provincia] | |
| 651 | 4 | _aBuenos Aires [Provincia] | |
| 653 | 0 | _aPROYECTOS CURRICULARES | |
| 653 | 0 | _aEDUCACION EN LA DIVERSIDAD | |
| 653 | 0 | _aEXPERIENCIAS EDUCATIVAS | |
| 653 | 0 | _aLENGUAJES ARTISTICOS | |
| 653 | 0 | _aNIVEL MEDIO | |
| 700 | 1 |
_aOrtiz, Constanza _ecoordinador |
|
| 700 | 1 |
_aCatalano Dupuy, Natalia _ecoordinador |
|
| 800 | 1 | _aAguerrondo, Inés | |
| 942 | _cBK | ||
| 998 | _cme-solo cat | ||
| 999 |
_c19912 _d19912 |
||